Statistics for Countries By Famous Building #2

Click here to take the quiz!

General Stats

  • This quiz has been taken 28 times
  • The average score is 7 of 10

Answer Stats

Answer% Correct
Italy
100%
United Arab Emirates
96%
Israel
87%
Singapore
87%
United States
83%
Taiwan
78%
Azerbaijan
39%
Brazil
30%
Ethiopia
30%
Vietnam
26%

Score Distribution

Percentile by Number Answered

Percent of People with Each Score

Your Score History

You have not taken this quiz